| 000 | 02626nam a2200409 i 4500 | ||
|---|---|---|---|
| 001 | 193475 | ||
| 003 | SpMaBN | ||
| 005 | 20250722142128.0 | ||
| 007 | ta | ||
| 008 | 240102s2022 sp a | |||| 000 j spa | ||
| 017 |
_aM 17843-2022 _bOficina Depósito Legal Madrid |
||
| 020 | _a9788418922299 | ||
| 035 | _aa7143027 | ||
| 040 |
_aSpMaBN _bspa _cSpMaBN _erda _dES-MaACL |
||
| 080 | _a821.134.2-32"19" | ||
| 080 | _a908(477)(0:82) | ||
| 100 | 1 |
_aLópez Expósito, Ana María _eaut _9176562 |
|
| 245 | 1 | 0 |
_aRelatos de Ucrania / _cAna María López Expósito ; ilustraciones de Paz Rodero. |
| 250 | _a1.ª edición junio de 2022 | ||
| 264 | 1 |
_aMadrid : _bDiwan Mayrit, _c[2022] |
|
| 300 |
_a92 páginas : _bilustraciones (blanco y negro) ; _c21 cm |
||
| 336 |
_aTexto _2rdacontent |
||
| 337 |
_asin mediación _2rdamedia |
||
| 338 |
_avolumen _2rdacarrier |
||
| 520 | _aUn fin de semana Katerina volvió a ir a la biblioteca. Tomó el libro de La Luna de la estantería. Con paso seguro se dirigió hacia la puerta trasera de la biblioteca, que conducía al jardín, situado junto al Puente de los Deseos. Se sentó en el banco de piedra, en un rincón del puente protegido del frío y del viento. Abrió el libro y empezó a leer en voz alta en un ucraniano melódico. Al cabo de un rato cerró los ojos. Traía preparada una pregunta un poco especial, que había estado madurando varias semanas antes, cuando la luna se encontraba en cuarto menguante; época ideal para la reflexión y las preguntas (según decía el libro). Se trataba, sobre todo, de una pregunta que siempre había temido hacer, pero aquel día, con más confianza en sí misma, volvió a sentirse audaz: ―¿De quién soy hija? ¿Por qué me abandonaron mis padres en el orfanato, querida Luna? Entonces, la luna le respondió con una voz pausada pero firme, narrando sueños fantásticos: ―Tú eres hija de la hermosa princesa Nataska de Kiev... La autora | ||
| 651 | 0 |
_aUcrania- _vCuentos _9234765 |
|
| 655 | 7 |
_aCuentos _2tgfbne _9226829 |
|
| 655 | 7 |
_aAntologías _2tgfbne _9176540 |
|
| 700 |
_aRodero, Paz, _d1957- _9234660 |
||
| 852 |
_aES-MaACL _bR.154843 _cDEPOJ _9200953 _jN-9728 _hDonación: Ana María López Exposito _gDedicatoria autógrafa de la autora _xEncuadernación rústica con solapas |
||
| 903 |
_aLópez Expósito, Ana María _ednr _9176562 |
||
| 942 |
_n0 _cMONOGRAFIA |
||
| 999 |
_c193475 _d193475 |
||